[Event "SVK-ch U16 Girls"]
[Site "Liptovsky Mikulas"]
[Date "2007.04.25"]
[Round "6"]
[White "Murinova, Julia"]
[Black "Luptakova, Erika"]
[Result "1-0"]
[WhiteElo "1781"]
[BlackElo "1350"]
[PlyCount "71"]
[EventDate "2007.04.22"]
[EventType "tourn"]
[EventRounds "9"]
[EventCountry "SVK"]
[SourceTitle "EXT 2008"]
[Source "ChessBase"]
[SourceDate "2007.11.25"]
[SourceVersion "1"]
[SourceVersionDate "2007.11.25"]
[SourceQuality "1"]

1. e4 e5 2. Nf3 Nc6 3. d4 f6 4. Bc4 Nge7 5. dxe5 fxe5 6. Ng5 d5 7. exd5 h6 8. dxc6 Qxd1+ 9. Kxd1 hxg5 10. Bxg5 Nxc6 11. h3 Bc5 12. f3 Bd7 13. Re1 Bd4 14. c3 Bf2 15. Re2 Bg3 16. f4 Rh5 17. Re3 Bf2 18. Rf3 exf4 19. Bxf4 Bb6 20. Bxc7 Ne5 21. Bxe5 Rxe5 22. Nd2 0-0-0 23. Kc2 Bf5+ 24. Bd3 Red5 25. Bxf5+ Kb8 26. Nc4 Bc7 27. Be4 Rg5 28. g4 Rc5 29. Ne3 Ba5 30. Rf7 Rdc8 31. Rxb7+ Ka8 32. Rxg7+ Kb8 33. Rb7+ Ka8 34. Rb5+ R5c6 35. Bxc6+ Rxc6 36. Rxa5 1-0

[Event "SVK-ch U16 Girls"]
[Site "Liptovsky Mikulas"]
[Date "2007.04.24"]
[Round "5"]
[White "Luptakova, Erika"]
[Black "Krnacova, Erika"]
[Result "0-1"]
[WhiteElo "1350"]
[BlackElo "1523"]
[PlyCount "78"]
[EventDate "2007.04.22"]
[EventType "tourn"]
[EventRounds "9"]
[EventCountry "SVK"]
[SourceTitle "EXT 2008"]
[Source "ChessBase"]
[SourceDate "2007.11.25"]
[SourceVersion "1"]
[SourceVersionDate "2007.11.25"]
[SourceQuality "1"]

1. d4 Nf6 2. e3 e6 3. Nc3 d5 4. Nf3 c5 5. Bb5+ Bd7 6. Qe2 a6 7. Ba4 b5 8. Bxb5 axb5 9. Nxb5 c4 10. Nc3 Bd6 11. a3 0-0 12. 0-0 Qc7 13. h3 Nc6 14. b3 cxb3 15. cxb3 Na5 16. Rb1 Qxc3 17. Bd2 Qc7 18. b4 Nc4 19. Bc1 Nxa3 20. Bxa3 Rxa3 21. Rfe1 Ne4 22. Qf1 Qb6 23. Rb2 Bb5 24. Ree2 Bxe2 25. Qxe2 Ra1+ 26. Ne1 Rc8 27. g3 Rcc1 28. Kf1 Bxg3 29. fxg3 Nxg3+ 30. Kf2 Nxe2 31. Kxe2 Rxe1+ 32. Kf2 Rab1 33. Rxb1 Rxb1 34. Kf3 Qxb4 35. h4 Rf1+ 36. Kg2 Qe1 37. Kh2 Qf2+ 38. Kh3 Rg1 39. h5 Qg3# 0-1